[Event "Crete-chT"]
[Site "Crete"]
[Date "2018.04.28"]
[Round "6.14"]
[White "Laboudis, Loukas"]
[Black "Kadianis, Iakovos"]
[Result "0-1"]
[WhiteElo "1821"]
[BlackElo "1779"]
[PlyCount "54"]
[EventDate "2018.04.09"]
[EventType "team-tourn"]
[EventRounds "7"]
[EventCountry "GRE"]
[SourceTitle "EXT 2019"]
[Source "ChessBase"]
[SourceDate "2018.10.10"]
[SourceVersion "1"]
[SourceVersionDate "2018.10.10"]
[SourceQuality "1"]

1. e4 e5 2. Nf3 Nc6 3. Bc4 Bc5 4. c3 Nf6 5. d3 d6 6. Bb3 Qe7 7. Nbd2 Be6 8. Bc2 Ng4 9. 0-0 Bxf2+ 10. Rxf2 Ne3 11. Qe2 Nxc2 12. Rb1 Bxa2 13. Ne1 Bxb1 14. Nxb1 Nxe1 15. Qxe1 Qe6 16. Be3 0-0 17. Nd2 f5 18. exf5 Rxf5 19. Ne4 Rxf2 20. Qxf2 Rf8 21. Qg3 Qa2 22. h3 Qb1+ 23. Kh2 Qxd3 24. Ng5 Qf5 25. Qh4 d5 26. g4 Qc2+ 27. Kg3 d4 0-1

[Event "Crete-chT"]
[Site "Crete"]
[Date "2018.04.27"]
[Round "4.19"]
[White "Georgantas, Antonios1111"]
[Black "Kadianis, Iakovos"]
[Result "1-0"]
[WhiteElo "1829"]
[BlackElo "1779"]
[PlyCount "152"]
[EventDate "2018.04.09"]
[EventType "team-tourn"]
[EventRounds "7"]
[EventCountry "GRE"]
[SourceTitle "EXT 2019"]
[Source "ChessBase"]
[SourceDate "2018.10.10"]
[SourceVersion "1"]
[SourceVersionDate "2018.10.10"]
[SourceQuality "1"]

1. b3 e5 2. Bb2 Nc6 3. e3 Nf6 4. Bb5 d6 5. d4 exd4 6. Qxd4 Bd7 7. Qd1 a6 8. Be2 d5 9. Nc3 Be6 10. Nf3 Qd7 11. a3 Be7 12. 0-0 0-0 13. b4 b5 14. Bd3 Bg4 15. Ne2 Rad8 16. Ng3 Nh5 17. Nxh5 Bxh5 18. Be2 Qd6 19. Nd4 Bxe2 20. Qxe2 Bf6 21. Nxc6 Qxc6 22. Bxf6 Qxf6 23. Qd3 Rfe8 24. f3 Qe5 25. Rae1 f5 26. Qb3 Kh8 27. f4 Qe4 28. Qc3 Re7 29. Kf2 Rd6 30. Qd3 Qe6 31. Rd1 Red7 32. c3 Rc6 33. Kg1 Rcd6 34. Rf3 Qe4 35. Rf2 Re7 36. Re2 Qe6 37. Ra1 Qe4 38. Qd2 Qc4 39. a4 c6 40. Qe1 Kg8 41. Qd2 Kf7 42. Kf2 Re4 43. h3 c5 44. axb5 axb5 45. Ra7+ Kf6 46. Rc7 d4 47. cxd4 Qxb4 48. Qxb4 cxb4 49. Rb7 Ree6 50. Rxb5 Rb6 51. Rxb6 Rxb6 52. Rb2 Ke6 53. Ke2 Kd5 54. Kd3 Rb7 55. Rc2 g6 56. Rc5+ Kd6 57. Kc2 Ra7 58. Kb3 Ra3+ 59. Kxb4 Rxe3 60. Re5 Rd3 61. Kc4 Rd1 62. g4 fxg4 63. hxg4 Rg1 64. g5 Rf1 65. Re4 Rc1+ 66. Kd3 Rh1 67. Re3 Rf1 68. Ke4 Rh1 69. Ra3 Re1+ 70. Kf3 Kd5 71. Ra7 Kxd4 72. Rxh7 Rf1+ 73. Kg3 Re1 74. Rd7+ Kc5 75. Rf7 Rg1+ 76. Kf2 Kd5 1-0

[Event "GRE-chT 40th"]
[Site "Achaia"]
[Date "2012.07.01"]
[Round "2.15"]
[White "Tzolas, Georgios"]
[Black "Kadianis, Iakovos"]
[Result "1-0"]
[WhiteElo "1991"]
[BlackElo "1817"]
[PlyCount "103"]
[EventDate "2012.06.30"]
[EventType "team-swiss"]
[EventRounds "7"]
[EventCountry "GRE"]
[SourceTitle "CBM 149 Extra"]
[Source "ChessBase"]
[SourceDate "2012.08.24"]
[SourceVersion "1"]
[SourceVersionDate "2012.08.24"]
[SourceQuality "1"]
[WhiteTeam "Pelopos Academy"]
[BlackTeam "OFI"]
[WhiteTeamCountry "GRE"]
[BlackTeamCountry "GRE"]

1. e4 e5 2. Bc4 Nf6 3. d3 Nc6 4. Nf3 Be7 5. 0-0 d6 6. c3 Be6 7. Bxe6 fxe6 8. Qb3 Qc8 9. Ng5 d5 10. f4 0-0 11. f5 exf5 12. exd5 Na5 13. Qb5 b6 14. b4 Nb7 15. Ne6 Rf7 16. Qc6 Ne8 17. Bg5 Bxg5 18. Nxg5 Rf8 19. Nd2 Nd8 20. Qc4 Nd6 21. Qh4 h6 22. Ngf3 N8f7 23. Rae1 Qa6 24. c4 Rae8 25. c5 bxc5 26. bxc5 Nb7 27. Qb4 Rb8 28. Nc4 e4 29. dxe4 Nbd6 30. Qa5 Qxc4 31. cxd6 Nxd6 32. e5 Ne4 33. Rc1 Qb5 34. Qxb5 Rxb5 35. Rfd1 Rd8 36. Rxc7 Rbxd5 37. Rxd5 Rxd5 38. Kf1 Ra5 39. e6 Kf8 40. Rf7+ Kg8 41. Rd7 Kf8 42. Nd4 Rxa2 43. Rf7+ Ke8 44. Nxf5 Rf2+ 45. Ke1 Rxf5 46. Rxf5 Nd6 47. Ra5 Nc8 48. Kf2 Ke7 49. Ra6 g6 50. Ke3 Nd6 51. Kd4 Nc8 52. Ke5 1-0

[Event "Heraklion op 6th"]
[Site "Heraklion"]
[Date "2010.08.29"]
[Round "9"]
[White "Kadianis, Iakovos"]
[Black "Tsilidis, Alexandros"]
[Result "0-1"]
[WhiteElo "1770"]
[BlackElo "2289"]
[PlyCount "136"]
[EventDate "2010.08.22"]
[EventType "swiss"]
[EventRounds "9"]
[EventCountry "GRE"]
[SourceTitle "CBM 138 Extra"]
[Source "ChessBase"]
[SourceDate "2010.10.29"]
[SourceVersion "1"]
[SourceVersionDate "2010.10.29"]
[SourceQuality "1"]

1. e4 c5 2. Nf3 Nc6 3. d4 cxd4 4. Nxd4 Nf6 5. Nc3 e5 6. Nb3 Bb4 7. f3 d5 8. exd5 Nxd5 9. Bd2 Nxc3 10. Bxc3 Bxc3+ 11. bxc3 Qb6 12. Bd3 0-0 13. Qd2 Be6 14. Qf2 Qxf2+ 15. Kxf2 Rac8 16. Nc5 Nd8 17. Nxe6 Nxe6 18. Rhb1 Nc5 19. a4 Rfd8 20. Ra3 Rc7 21. Ke3 g6 22. g4 f6 23. Rb4 Kf7 24. Ra1 Ke7 25. a5 Rdd7 26. Bb5 Rd6 27. Rab1 Kd8 28. Bd3 Nxd3 29. cxd3 Rxc3 30. Rxb7 Rcxd3+ 31. Kf2 Rd7 32. a6 R3d6 33. Rb8+ Ke7 34. Ra1 Rd2+ 35. Kg3 Rc2 36. Rb7 Ke6 37. Rxd7 Kxd7 38. Rb1 Rc6 39. Rb7+ Rc7 40. Rb8 Kd6 41. Rf8 Ke6 42. Ra8 Kd5 43. h4 f5 44. gxf5 gxf5 45. Rd8+ Kc5 46. Re8 Kd4 47. Kf2 Rc2+ 48. Kg3 Rc6 49. Re7 Rxa6 50. Rxh7 Ke3 51. h5 Ra1 52. Kg2 Kf4 53. Rg7 Ra2+ 54. Kg1 Kxf3 55. h6 Ra6 56. h7 Rh6 57. Rxa7 e4 58. Rb7 f4 59. Rb3+ e3 60. Rb7 e2 61. Rb3+ Ke4 62. Kf2 Rh2+ 63. Ke1 f3 64. h8Q Rxh8 65. Rb4+ Kf5 66. Rb5+ Kg4 67. Re5 Rh1+ 68. Kf2 Rf1+ 0-1

[Event "Heraklion op 6th"]
[Site "Heraklion"]
[Date "2010.08.26"]
[Round "6"]
[White "Kadianis, Iakovos"]
[Black "Chrisostomou, Dimitrios"]
[Result "1-0"]
[WhiteElo "1770"]
[BlackElo "1904"]
[PlyCount "45"]
[EventDate "2010.08.22"]
[EventType "swiss"]
[EventRounds "9"]
[EventCountry "GRE"]
[SourceTitle "CBM 138 Extra"]
[Source "ChessBase"]
[SourceDate "2010.10.29"]
[SourceVersion "1"]
[SourceVersionDate "2010.10.29"]
[SourceQuality "1"]

1. e4 d5 2. exd5 Qxd5 3. Nc3 Qd6 4. d4 Nf6 5. Nf3 a6 6. Be2 Bg4 7. Be3 Nc6 8. 0-0 e6 9. Qd2 0-0-0 10. Rfd1 h6 11. a3 g5 12. b4 Bg7 13. b5 axb5 14. Nxb5 Qe7 15. Qe1 e5 16. Nxe5 Nxe5 17. dxe5 Bxe2 18. Qxe2 Qxe5 19. Na7+ Kb8 20. Nc6+ bxc6 21. Rab1+ Qb5 22. Rxb5+ cxb5 23. Qxb5+ 1-0

[Event "Heraklion op 6th"]
[Site "Heraklion"]
[Date "2010.08.24"]
[Round "4"]
[White "Tzardis, Stylianos"]
[Black "Kadianis, Iakovos"]
[Result "1-0"]
[WhiteElo "2048"]
[BlackElo "1770"]
[PlyCount "77"]
[EventDate "2010.08.22"]
[EventType "swiss"]
[EventRounds "9"]
[EventCountry "GRE"]
[SourceTitle "CBM 138 Extra"]
[Source "ChessBase"]
[SourceDate "2010.10.29"]
[SourceVersion "1"]
[SourceVersionDate "2010.10.29"]
[SourceQuality "1"]

1. d4 Nf6 2. c4 g6 3. Nf3 Bg7 4. g3 0-0 5. Bg2 d6 6. Nc3 c5 7. d5 a6 8. 0-0 Nbd7 9. a4 b6 10. Re1 Qc7 11. h3 Rb8 12. Bf4 Nh5 13. Bd2 Ne5 14. Nxe5 Bxe5 15. Kh2 Bd7 16. f4 Bg7 17. g4 Nf6 18. e4 h5 19. g5 Nh7 20. Qf3 b5 21. axb5 axb5 22. cxb5 Bxb5 23. Nxb5 Rxb5 24. Bc3 Rfb8 25. Bf1 Bxc3 26. bxc3 Rb2+ 27. Re2 Qb6 28. Ra2 Rb1 29. Rf2 Qb3 30. Ra7 Kf8 31. h4 Rc1 32. f5 Rxc3 33. Qf4 gxf5 34. Qxf5 Rf3 35. Rxf3 Qb2+ 36. Rf2 Qg7 37. Rc7 Re8 38. Bb5 Rb8 39. Rc8+ 1-0